000 00604nam a2200229Ia 4500
003 OSt
005 20220918180417.0
006 a|||||r|||| 00| 0
007 ta
008 220917b |||||||| |||| 00| 0 eng d
024 _a22,229
037 _cTextual
040 _aARTS
_cARTS
_beng
041 _2eng
_aeng
082 _aO:3N033:13, H4
100 _aStone Irving
245 0 _aImmortal wife
_b the biographical novel of Jessie Benton Fremont
260 _c1944
650 _aENGLISH LITERATURE
942 _hO:3N033:13, H4
_cTEXL
_2CC
999 _c161474
_d161474